Acta Mathematica VietNamica
Uloženo v:
| Médium: | Kniha |
|---|---|
| Jazyk: | Undetermined |
| Vydáno: |
HaNoi VietNam
VietNam Academy of Science and Technology
2019
|
| Témata: | |
| Tagy: |
Přidat tag
Žádné tagy, Buďte první, kdo otaguje tento záznam!
|
| Thư viện lưu trữ: | Trung tâm Học liệu Trường Đại học Cần Thơ |
|---|
| LEADER | 00531nam a2200169Ia 4500 | ||
|---|---|---|---|
| 001 | CTU_234146 | ||
| 008 | 210402s9999 xx 000 0 und d | ||
| 082 | |a 510 | ||
| 082 | |b A188 | ||
| 245 | 0 | |a Acta Mathematica VietNamica | |
| 245 | 0 | |c Institute of Mathematics VietNam Academy of Science and Technology HaNoi VietNam | |
| 260 | |a HaNoi VietNam | ||
| 260 | |b VietNam Academy of Science and Technology | ||
| 260 | |c 2019 | ||
| 650 | |a Mathematics | ||
| 904 | |i Linh Cát | ||
| 980 | |a Trung tâm Học liệu Trường Đại học Cần Thơ | ||